000 00694nam a2200289Ia 4500
005 20260324120037.0
008 008 260324s9999 xx 000 0 eng d
020 _a9781315599960
037 _aEBOOK
040 _aCRL
040 _beng
040 _cCRL
041 _2eng
041 _aeng
084 _qCRL
100 _aLaurene Vaughan; David Carlin
_91157010
245 0 _aPerforming Digital
245 0 _bMultiple Perspectives on a Living Archive
260 _bTaylor and Francis
260 _c2015
365 _a
365 _b230
856 _uhttp://www.taylorfrancis.com/books/9781315599960
942 _cEBOOK
999 _c1748312
_d1748312